| Tag |
First Indicator |
Second Indicator |
Subfields |
| LEADER |
00000cam a2200000 a 4500 |
| 001 |
in00000083086 |
| 005 |
20151008055555.0 |
| 007 |
he bm----b--- |
| 008 |
810630r19791753kyu b 00010 eng d |
| 035 |
|
|
|a (OCoLC)07539705
|
| 035 |
|
|
|9 AAJ3822AM
|
| 040 |
|
|
|a MIA
|c MIA
|d TXA
|d UtOrBLW
|
| 043 |
|
|
|a e-uk-en
|
| 049 |
|
|
|a TXAI
|
| 099 |
|
|
|a fiche
|a C
|a 3861
|
| 100 |
1 |
|
|a Maddox, Isaac,
|c Bp. of Worcester,
|d 1697-1759.
|
| 245 |
1 |
2 |
|a A sermon preached before His Grace Charles Duke of Marlborough, President, the Vice-presidents and Governors of the Hospital for the small-pox, and for inoculation, at the Parish-Church of St. Andrew Holborn, on Thursday, March 5, 1752 :
|b published at the request of the President, Vice-presidents, and Governrors [!] /
|c by Isaac Lord Bishop of Worcester.
|
| 250 |
|
|
|a 4th ed., with a new preface.
|
| 264 |
|
3 |
|a London :
|b Printed by H. Woodfall,
|c 1753?
|
| 300 |
|
|
|a 32 pages ;
|c 22 x 17 cm.
|
| 336 |
|
|
|a text
|b txt
|2 rdacontent
|
| 337 |
|
|
|a microform
|b h
|2 rdamedia
|
| 338 |
|
|
|a microfiche
|b he
|2 rdacarrier
|
| 533 |
|
|
|a Microfiche.
|b Louisville, [Ky.] :
|c Lost Cause Press,
|d 1979.
|e 2 microfiches ; 11 x 15 cm.
|f ([Bibliotheca Americana. Selected Americana. Microfiche ed. / J. Sabin]) (Fiche book)
|
| 500 |
|
|
|a Microform.
|
| 610 |
2 |
0 |
|a Hospitals for the Small-pox and Inoculation (London, England)
|
| 650 |
|
0 |
|a Smallpox
|x Vaccination.
|
| 740 |
2 |
|
|a A sermon preached before His Grace Duke of Marlborough ...
|h microform
|
| 999 |
|
|
|a MARS
|
| 999 |
f |
f |
|s 49573b55-54dc-3b04-a1ef-9c7380f6e137
|i d3f65c73-aced-3235-b551-df046e5a43d7
|t 0
|
| 952 |
f |
f |
|p normal
|a Texas A&M University
|b College Station
|c Sterling C. Evans Library
|d Evans: Microforms (3rd floor)
|t 0
|e fiche C 3861
|h Other scheme
|i microform -- microfiche
|m A14821396374
|
| 998 |
f |
f |
|a fiche C 3861
|t 0
|l Evans: Microforms (3rd floor)
|